000 00267nam a2200121 a 4500
008 101026s1970|||| d
100 1 _aMinárik, Ivan
245 1 0 _aVášeň
041 _aslo
044 _axo
_cSK
260 _bTatran
_aBratislava
_c1970
020 _c13
999 _c12272
_d12272